[Event "Salekhard-ch"]
[Site "Salekhard"]
[Date "2015.01.31"]
[Round "6"]
[White "Baysagatov, Timur"]
[Black "Trapeznikov, Mikhail"]
[Result "0-1"]
[WhiteElo "1143"]
[BlackElo "1599"]
[PlyCount "46"]
[EventDate "2015.01.23"]
[EventType "swiss"]
[EventRounds "9"]
[EventCountry "RUS"]
[SourceTitle "CBM 164 Extra"]
[Source "ChessBase"]
[SourceDate "2015.03.02"]
[SourceVersion "1"]
[SourceVersionDate "2015.03.02"]
[SourceQuality "1"]

1. e4 c6 2. d4 d5 3. Nc3 dxe4 4. Nxe4 Bf5 5. Qd3 Bxe4 6. Qxe4 Nf6 7. Qd3 e6 8. Bf4 Bd6 9. Be3 Nbd7 10. 0-0-0 Nd5 11. Nf3 Qc7 12. g4 h6 13. Bh3 0-0-0 14. a3 N5b6 15. Qb3 Kb8 16. Bd2 Rc8 17. c4 Nxc4 18. Qxc4 Qb6 19. b3 c5 20. Ne5 Rhd8 21. Be3 cxd4 22. Bxd4 Rxc4+ 23. bxc4 Qc7 0-1

[Event "Salekhard-ch"]
[Site "Salekhard"]
[Date "2015.01.28"]
[Round "1"]
[White "Egorov, Alexey"]
[Black "Baysagatov, Timur"]
[Result "1-0"]
[WhiteElo "1664"]
[BlackElo "1143"]
[PlyCount "41"]
[EventDate "2015.01.23"]
[EventType "swiss"]
[EventRounds "9"]
[EventCountry "RUS"]
[SourceTitle "CBM 164 Extra"]
[Source "ChessBase"]
[SourceDate "2015.03.02"]
[SourceVersion "1"]
[SourceVersionDate "2015.03.02"]
[SourceQuality "1"]

1. e4 e5 2. Nf3 Nc6 3. Bb5 a6 4. Bxc6 dxc6 5. Nc3 Bd6 6. 0-0 Nf6 7. d4 Qe7 8. Bg5 0-0 9. dxe5 Bxe5 10. Nxe5 Qxe5 11. Bxf6 Qxf6 12. Qe2 Qg6 13. Qf3 Re8 14. h3 b5 15. Rfd1 c5 16. e5 Bf5 17. Nd5 Bxc2 18. Ne7+ Kh8 19. Nxg6+ fxg6 20. Rd7 Rf8 21. Qc3 1-0